Copia de las ordinaciones del antiguo magistrado de la Deputacion del año de 1704 (Record no. 153036)

MARC details
000 -LEADER
campo de control de longitud fija 00842nam a2200217 i 4500
001 - NÚMERO DE CONTROL
campo de control 153036
003 - IDENTIFICADOR DE NÚMERO DE CONTROL
campo de control ES-MaACL
005 - FECHA Y HORA DE LA ÚLTIMA TRANSACCIÓN
campo de control 20230906205007.0
008 - DATOS DE LONGITUD FIJA--INFORMACIÓN GENERAL
campo de control de longitud fija 920724s1733 sp |||| | spa d
080 ## - NÚMERO DE LA CLASIFICACIÓN DECIMAL UNIVERSAL
Número de la Clasificación Decimal Universal 336
110 1# - ENTRADA PRINCIPAL--NOMBRE DE ENTIDAD CORPORATIVA
Nombre de entidad corporativa o nombre de jurisdicción como elemento de entrada España.
Unidad subordinada Rey (1700-1746: Felipe V)
9 (RLIN) 155204
245 10 - MENCIÓN DEL TÍTULO
Título Copia de las ordinaciones del antiguo magistrado de la Deputacion del año de 1704
Resto del título : mandadas observar por Su Magestad, concernientes al Ramo del Real Derecho de Bolla de este Principado.
260 ## - PUBLICACIÓN, DISTRIBUCIÓN, ETC.
Lugar de publicación, distribución, etc. Barcelona :
Nombre del editor, distribuidor, etc. por Ioseph Teixidò,
Fecha de publicación, distribución, etc. 1733.
300 ## - DESCRIPCIÓN FÍSICA
Extensión 64 p. ;
Dimensiones 20 cm.
510 4# - NOTA DE CITAS O REFERENCIAS BIBLIOGRÁFICAS
Nombre de la fuente Palau 61.395
530 ## - NOTA DISPONIBLE DE FORMULARIO FÍSICO ADICIONAL
Nota de formato físico adicional disponible Disponible en Google libros.
597 ## - NOTA DE DESCRIPCIÓN FÍSICA
NOTA DE DESCRIPCIÓN FÍSICA Port. con orla tip.
597 ## - NOTA DE DESCRIPCIÓN FÍSICA
NOTA DE DESCRIPCIÓN FÍSICA Sign.: A-H4.
650 #4 - PUNTO DE ACCESO ADICIONAL DE MATERIA--TÉRMINO DE MATERIA
Término de materia o nombre geográfico como elemento de entrada Hacienda pública-
Subdivisión geográfica Cataluña.
9 (RLIN) 155205
852 ## - LOCALIZACIÓN
Ubicación ES-MaACL
Número de control de estantería R-3019
Nota libre - Enc. piel verde con hierros
Encuadernación Olim:T-208-F-4
Holdings
Estatus retirado Estado de pérdida Estado de daño No para préstamo Colección Biblioteca de origen Biblioteca actual Ubicación en estantería Fecha de adquisición Fuente de adquisición Total de préstamos Signatura topográfica completa Código de barras Visto por última vez Precio de reemplazo Tipo de ítem Koha
        Libros del s. XVIII Biblioteca del Ateneo de Madrid Biblioteca del Ateneo de Madrid Depósito 17/01/2008     R-3019 1159877 23/02/2023 23/02/2023 Libro impreso antiguo